Statistics for French Geography Quiz #2

Click here to take the quiz!

General Stats

  • This quiz has been taken 7,504 times
    (7,418 since last reset)
  • The average score is 15 of 20

Answer Stats

Question Answer % Correct
Which French region was the site of the D-Day landings during WWII?Normandy
96%
What is the world's most-visited art museum?The Louvre
96%
What body of water separates France and Great Britain?The English Channel
(aka La Manche)
93%
What Mediterranean city is famous for its film festival?Cannes
92%
In what sea are the French overseas departments of Guadeloupe
and Martinique located?
Caribbean Sea
89%
What river forms a large portion of the border with Germany?Rhine
87%
Which two cities are sometimes considered to be the second-biggest cities in France?Lyon
87%
With what non-European country does France share its longest border?Brazil
87%
Which two cities are sometimes considered to be the second-biggest cities in France?Marseille
87%
What type of power is responsible for about 70% of France's electricity?Nuclear Power
86%
What is the largest city on the French Riviera?Nice
83%
What city has been called the "wine capital of the world"?Bordeaux
82%
What bay borders western France and northern Spain?Bay of {Biscay}
74%
What is the name of France's northwestern region?Brittany
67%
Which French territory can be found about 1200 km east of Australia?New {Caledonia}
66%
What is the approximate shape of France? (Hint: not a square, nor a triangle, but a...)Hexagon
63%
What major river flows from Lake Geneva to the Mediterranean?Rhône
58%
What country is located just 25 km away from the French territory of
Saint Pierre and Miquelon?
Canada
54%
What is the name of the region in which Paris is located?Île-de-France
54%
What town hosted the 1992 Winter Olympics?Albertville
26%

Score Distribution

Percentile by Number Answered

Percent of People with Each Score

Your Score History

You have not taken this quiz since the last reset